00395nam a2200145 a 4500008004100000020001500041050001500056100002300071245006200094260002700156300001700183350000900200650001300209650002700222120416s1994 ||||||||||||||||| || u a8487406068 aJC 336 Vio aRamirez, J. Martin10aViolence : some alternativescedited by J. Martin Ramirez aMadridbCentreurc1994 a184p. : ill. a0.00 aPOLITICS aVIOLENCE--CASE STUDIES